Digital Computer fundamentals / (Record no. 40110)

MARC details
000 -LEADER
fixed length control field 00760nam a22002057a 4500
005 - DATE AND TIME OF LATEST TRANSACTION
control field 20100807144723.0
010 ## - LCCN (DPL NO)
LC control number ENG-98865
020 ## - INTERNATIONAL STANDARD BOOK NUMBER
International Standard Book Number 9789380243214
Terms of availability 90.00
035 ## - SYSTEM CONTROL NUMBER
System control number EN-82397
037 ## - SOURCE OF ACQUISITION
Source of stock number/acquisition DBAD/PUB
082 ## - DEWEY DECIMAL CLASSIFICATION NUMBER
Classification number 001.64
100 ## - MAIN ENTRY--PERSONAL NAME
Personal name Karthikeyan,K
245 ## - TITLE STATEMENT
Title Digital Computer fundamentals /
Statement of responsibility, etc by K Karthikeyan
260 ## - PUBLICATION, DISTRIBUTION, ETC. (IMPRINT)
Place of publication, distribution, etc Tiruchirappalli
Name of publisher, distributor, etc Raja Publications
Date of publication, distribution, etc 2009
270 ## - ADDRESS
Address 4/1 S S H Shelter Hazarath Abdul Salam Street Khajanagar
City Tiruchirappalli
Postal code 620020
300 ## - PHYSICAL DESCRIPTION
Extent 104p
Dimensions 19cm(pbk)
650 ## - SUBJECT ADDED ENTRY--TOPICAL TERM
Topical term or geographic name as entry element Electronic digital computer
942 ## - ADDED ENTRY ELEMENTS (KOHA)
Source of classification or shelving scheme Dewey Decimal Classification
Item type English Books
Classification part 001.64
Call number suffix KAR
Holdings
Withdrawn status Lost status Not for loan Collection code Home library Current library Date acquired Source of acquisition Cost, normal purchase price Full call number Barcode Copy number Cost, replacement price Koha item type
    Not For Loan Non-fiction D.B.Act.Division D.B.Act.Division 07/08/2010 DBAD/PUB 90.00 001.64 KAR EN-82397 1 90.00 English Books

© Delhi Public Library
Hit Counter
free hit counter